Statistics for C Answers Quiz #2

Click here to take the quiz!

General Stats

  • This quiz has been taken 44,686 times
  • The average score is 14 of 24

Answer Stats

ClueAnswer% Correct
Article of clothing worn by Superman
and Dracula
Cape
92%
Capital of AustraliaCanberra
89%
One-eyed monster of Greek mythologyCyclops
87%
The Italian version of "Aloha"Ciao
83%
French film festival cityCannes
81%
The southern tropicCapricorn
77%
Exact genetic copyClone
76%
Jeffery Dahmer or Hannibal Lecter, e.g.
Cannibal
72%
Butter-making deviceChurn
71%
King Charles's wifeCamilla
68%
Rivals of the MontaguesCapulets
66%
What Loretta Lynn's father minedCoal
63%
The bone that covers your brainCranium
61%
Expensive type of goat woolCashmere
59%
Spanish for "hot"Caliente
54%
Bird that often lays its eggs in
other species nests
Cuckoo
47%
Horn of plentyCornucopia
46%
African location of Rick's CafeCasablanca
44%
Lord Protector of EnglandCromwell
42%
The C of a CMYK printerCyan
42%
Notorious Singapore punishmentCaning
38%
Mr. de BergeracCyrano
37%
Orphaned child of "Les Misérables"Cosette
23%
Crest on the top of a rooster's headComb
20%

Score Distribution

Percentile by Number Answered

Percent of People with Each Score

Your Score History

You have not taken this quiz